000 00699nab a2200193 4500
001 244442
003 OSt
005 20250310103107.0
007 tu
008 200917s2020|||||||
040 _aDE-2950
_cDE-2950
245 0 0 _a"Wer immer nur dagegen ist, ruiniert unsere Stradt"
_bInterview. Ein Jahr vor der OB-Wahl in Frankfurt (O) spricht René Wilke über erste Sondierungen mit CDU und SPD, offene Projekte - und darüber, was ihn an der AfD besonders aufregt/
_cThomas Gutke
264 _c2024
653 _aFrankfurt (Oder)
653 _aOB-Interview
654 _2René Wilke
773 0 _g36. Jahrgang (2025) Nr. 50 vom 28.02.2025, S. 15 mit Foto
_tMärkische Oderzeitung
942 _2z
_cA
999 _c373634
_d373634